000 00395nam a22001097a 4500
999 _c6867
_d6867
008 200401b ||||| |||| 00| 0 eng d
245 _aMpango wa Maendeleo wa Mwaka 2006/07/
_cWizara ya Mipango, Uchumi na Uwezeshaji,
_hSwahili.
260 _aDar Es Salaam:
_bWizara ya Mipango, Uchumi na Uwezeshaji,
_c2006.
300 _aiii, 114p;
_c29cm.-
650 _2PLANNING AND DEVELOPMENT
942 _2ddc
_cBOOKS